LEADER 00919nam a2200217 u 4500 001 000000036191 003 CaOOAMICUS 005 20070226112654.0 008 980319s1899 it u000 u ita u 035 $a10786588 040 $aPUL(R)$bita 100 1 $aSchanzer, Carlo,$d1865-1953.$0(OLS)http://pul/name/27462 245 13$aLa trasformazione delle confraternite nel diritto pubblico italiano /$cpel Carlo Schanzer. 260 $aRoma :$bCapaccini,$c1899. 300 $a200 p. ;$c19 cm 650 4$aConfraternite$zItalia.$0(OLS)http://pul/subject/17793 850 $aPUL 852 $aPUL$W1$xDP1 Antico 800$y27$m165 F 22$j49600$nBK-PRI$b $qStampati Antico$B49600$CPULBib$Z2$F49600 $H $81 941 1 $a15 996 $6245$aLa trasformazione delle confraternite nel diritto pubblico italiano$9(OLS)http://pul/title/49563 996 $6260$aRoma :$bCapaccini$9(OLS)http://pul/publisher/62811 LEADER 01432nam a2200313 u 4500 001 000000070320 003 CaOOAMICUS 005 20070226122016.0 008 020503s1985 it u000 u ita u 020 $a8816320095 035 $a10928631 040 $aPUL(R)$bita 041 1 $aita$hger 100 1 $aHeiler, Friedrich,$d1892-$0(OLS)http://pul/name/9630 240 10$aErscheinungsformen und Wesen der Religion.$lItaliano.$0(OLS)http://pul/title/92723 245 13$aLe religioni dell'umanità :$bvolume di introduzione generale /$cFriedrich Heiler ; a cura di Christel Matthias Schröder. 260 $aMilano :$bJaca Book,$c1985. 300 $a594 p. ;$c24 cm 490 1 $aStoria delle religioni ;$v9 500 $aComprende riferimenti bibliografici e indice. 650 4$aCristianesimo e altre religioni.$0(OLS)http://pul/subject/268 700 1 $aSchröder, Christel Matthias.$0(OLS)http://pul/name/5741 830 0$aStoria delle religioni (Jaca Book) ;$v9.$0(OLS)http://pul/title/8145 850 $aPUL 852 $aPUL$W1$xDP1 Cons. Gen., Altre Classi 1$y22$m781 A 9$j90982$n $b $qStampati$B90982$CPULBib$Z2$F90982 $H53918 $81 941 1 $a8 996 $6020$a8816320095$9(OLS)http://pul/number/90981 996 $6245$aLe religioni dell'umanità :$bvolume di introduzione generale$9(OLS)http://pul/title/92724 996 $6260$aMilano :$bJaca Book$9(OLS)http://pul/publisher/47900